000 00235nam a22000857a 4500
999 _c11374
_d11374
008 190402b ||||| |||| 00| 0 eng d
100 _aArora Sumita
_97112
245 _aInformation Practices-XII
260 _aNew Delhi
_bDhanpat Rai & Co
_c2013